000 00519nam a2200181Ia 4500
003 IN-BaIIA
008 211028s9999 xx 000 0 eng d
020 _a0-19-853996-7
040 _cIIA Library
080 _a113
_bBAR
100 _aBarrow, J. D.
_920788
245 4 _aThe Artful universe.
_cJ. D.Barrow
260 _aOxford
_bOxford University Press
_c1995
300 _ax, 274p
650 _aNature
_919576
650 _aPhilosophy of Nature
_920789
942 _cBK
999 _c11951
_d11951